00758 a2200181 4500020001500000040003300015082001200048100002200060245005400082250001200136260004300148300005800191500002000249650005000269856009500319856008700414856007500501 a0071400702 aLibrary of CongressbEnglish00a621.3921 aPerry, Douglas L.10aVHDL : programming by example cDouglas L. Perry. a4th ed. aNew Delhi :bTata McGraw-Hill,cc2002. axvii, 476 p. :bill. ;c24 cm. + 1 CD-ROM (4 3/4 in.) aIncludes index. 0aVHDL (Computer hardware description language)423Contributor biographical informationuhttp://www.loc.gov/catdir/bios/mh041/2002070962.html423Publisher descriptionuhttp://www.loc.gov/catdir/description/mh022/2002070962.html423Table of contentsuhttp://www.loc.gov/catdir/toc/mh023/2002070962.html